The transformation of the state : (Record no. 16314)

000 -LEADER
fixed length control field 00923pam a22003014a 4500
001 - CONTROL NUMBER
control field 4364762
005 - DATE AND TIME OF LATEST TRANSACTION
control field 20170105102937.0
008 - FIXED-LENGTH DATA ELEMENTS--GENERAL INFORMATION
fixed length control field 030828s2004 enka b 001 0 eng
010 ## - LIBRARY OF CONGRESS CONTROL NUMBER
LC control number 2003055876
020 ## - INTERNATIONAL STANDARD BOOK NUMBER
International Standard Book Number 0333982045 (cloth)
020 ## - INTERNATIONAL STANDARD BOOK NUMBER
International Standard Book Number 0333982053 (paper)
035 ## - SYSTEM CONTROL NUMBER
System control number (OCoLC)ocm52963090
035 ## - SYSTEM CONTROL NUMBER
System control number (NNC)4364762
040 ## - CATALOGING SOURCE
Original cataloging agency DLC
Transcribing agency DLC
Modifying agency YDX
042 ## - AUTHENTICATION CODE
Authentication code pcc
050 00 - LIBRARY OF CONGRESS CALL NUMBER
Classification number JC11
Item number .S58 2004
082 00 - DEWEY DECIMAL CLASSIFICATION NUMBER
Classification number 320.1
Edition number 22
Author Mark SOR 2004
100 1# - MAIN ENTRY--PERSONAL NAME
Personal name Sørensen, Georg,
Dates associated with a name 1948-
245 14 - TITLE STATEMENT
Title The transformation of the state :
Remainder of title beyond the myth of retreat /
Statement of responsibility, etc. Georg Sørensen.
260 ## - PUBLICATION, DISTRIBUTION, ETC.
Place of publication, distribution, etc. Basingstoke, Hampshire ;
-- New York :
Name of publisher, distributor, etc. Palgrave Macmillan,
Date of publication, distribution, etc. 2004.
300 ## - PHYSICAL DESCRIPTION
Extent xviii, 213 p. :
Other physical details ill. ;
Dimensions 24 cm.
504 ## - BIBLIOGRAPHY, ETC. NOTE
Bibliography, etc. note Includes bibliographical references (p. 194-208) and index.
650 #0 - SUBJECT ADDED ENTRY--TOPICAL TERM
Topical term or geographic name entry element State, The.
650 #0 - SUBJECT ADDED ENTRY--TOPICAL TERM
Topical term or geographic name entry element Political development.
650 #0 - SUBJECT ADDED ENTRY--TOPICAL TERM
Topical term or geographic name entry element Globalization.
942 ## - ADDED ENTRY ELEMENTS (KOHA)
Source of classification or shelving scheme
Koha item type Book
Holdings
Withdrawn status Lost status Damaged status Not for loan Collection code Permanent Location Current Location Shelving location Date acquired Total Checkouts Full call number Barcode Date last seen Price effective from Koha item type
          Centre for International Peace & Stability (CIPS) Centre for International Peace & Stability (CIPS) General Stacks 03/22/2016   320.1 SOR 2004 CIPS0002714 03/22/2016 03/22/2016 Book
© 2023 Central Library, National University of Sciences and Technology. All Rights Reserved.